000 00360nam a22001457a 4500
003 MACL
005 20191113153619.0
008 191113b xxu||||| |||| 00| 0 eng d
040 _cMACL
100 _aDe Kumar Ranadhir
_977096
245 _aMy Dreamland ANDAMAN
260 _aKolkata
_bSigama Sun Pub
_c2010
650 _aGeography
_977097
942 _2ddc
_cBK
999 _c61281
_d61281